00626nam a2200193Ia 4500008004100000020001500041082001600056100002200072245006600094250000700160260005700167300002400224500000700248600002000255650002000275942000700295952011500302999001500417240925s9999 xx 000 0 und d a082174853x a305.389 LAF aLafayette, Leslie 0aWhy Don't You Have Kids?Living A Full Life Without Parenthood aNA aNew York:bKensington Publishing Corporationc,1995. a197p.bNAfOriginal aNA aSocial Sciences aSocial Sciences cBK 001040708SSaUITUbUITUd2001-02-20eNAg100.00l0o305.389 LAFpQ3491r2024-09-25 07:13:10w2024-09-25yBK c5990d5990